| 000 | 00750nam a2200217 a 4500 | ||
|---|---|---|---|
| 001 | 56289 | ||
| 003 | BD-RjUL | ||
| 005 | 20211209080358.0 | ||
| 008 | 161128s1938 ii ||||| |||| 00| 0 ben d | ||
| 035 | _a(BD-RjUL)56413 | ||
| 040 |
_aBD-RjUL _bben _cBD-RjUL |
||
| 041 | _aben | ||
| 082 |
_223 _a891.441 _bKAS 1938 |
||
| 100 |
_aকায়কোবাদ _9167494 |
||
| 245 | 1 | 0 |
_aশ্মশান-ভস্ম কাব্য / _cকায়কোবাদ |
| 260 |
_aকলিকাতা : _bতাহের উন্নিশা, _c১৯৩৮ [১৩৪৫] |
||
| 300 |
_a১৬৫ পৃ. ; _c১৭ সেমি . |
||
| 650 |
_aবাংলা কবিতা _9167495 |
||
| 650 |
_aBengali Poetry _9167496 |
||
| 942 |
_2ddc _cBK |
||
| 999 |
_c56289 _d56289 |
||